[Event "Storsjodraget 2022"]
[Site "Ostersund"]
[Date "2022.06.12"]
[Round "7"]
[Board "7"]
[White "Sian, Shadi"]
[Black "Hart, Alexander"]
[Result "1/2-1/2"]
[WhiteElo "1935"]
[BlackElo "2084"]
[PlyCount "0"]
[EventDate "2022.06.10"]
[EventRounds "7"]
[EventCountry "SWE"]

1. d4 {[%clk 01:30:57]} {[%emt 00:00:02]} d5 {[%clk 01:30:53]} {[%emt
00:00:08]} 2. Nf3 {[%clk 01:31:23]} {[%emt 00:00:04]} Nf6 {[%clk 01:31:14]}
{[%emt 00:00:08]} 3. c4 {[%clk 01:31:47]} {[%emt 00:00:06]} c6 {[%clk
01:30:55]} {[%emt 00:00:49]} 4. e3 {[%clk 01:31:20]} {[%emt 00:00:57]} Bg4
{[%clk 01:29:04]} {[%emt 00:02:21]} 5. Qb3 {[%clk 01:31:05]} {[%emt 00:00:45]}
Bxf3 {[%clk 01:28:20]} {[%emt 00:01:14]} 6. Qxb7 {[%clk 01:18:59]} {[%emt
00:12:37]} Bxg2 {[%clk 01:09:06]} {[%emt 00:19:43]} 7. Bxg2 {[%clk 01:17:09]}
{[%emt 00:02:20]} Nbd7 {[%clk 01:09:26]} {[%emt 00:00:10]} 8. Nc3 {[%clk
01:09:45]} {[%emt 00:07:54]} e6 {[%clk 01:08:37]} {[%emt 00:01:19]} 9. e4
{[%clk 01:02:17]} {[%emt 00:07:59]} dxc4 {[%clk 01:04:57]} {[%emt 00:04:10]} 10.
Qxc6 {[%clk 01:02:17]} {[%emt 00:00:29]} Rc8 {[%clk 01:04:26]} {[%emt
00:01:00]} 11. Qa4 {[%clk 01:02:40]} {[%emt 00:00:07]} Qb6 {[%clk 00:57:19]}
{[%emt 00:07:37]} 12. e5 {[%clk 00:59:03]} {[%emt 00:04:07]} Ng4 {[%clk
00:51:09]} {[%emt 00:06:38]} 13. Qd1 {[%clk 00:50:33]} {[%emt 00:09:02]} h5
{[%clk 00:42:41]} {[%emt 00:08:58]} 14. O-O {[%clk 00:46:27]} {[%emt 00:04:36]}
Be7 {[%clk 00:41:37]} {[%emt 00:01:34]} 15. a4 {[%clk 00:45:39]} {[%emt
00:01:18]} a5 {[%clk 00:39:25]} {[%emt 00:02:43]} 16. Nb5 {[%clk 00:45:25]}
{[%emt 00:00:43]} Kf8 {[%clk 00:34:37]} {[%emt 00:05:18]} 17. h3 {[%clk
00:44:30]} {[%emt 00:01:26]} Nh6 {[%clk 00:34:47]} {[%emt 00:00:19]} 18. Qxh5
{[%clk 00:44:25]} {[%emt 00:00:34]} Kg8 {[%clk 00:34:46]} {[%emt 00:00:31]} 19.
Bxh6 {[%clk 00:44:26]} {[%emt 00:00:30]} Rxh6 {[%clk 00:35:08]} {[%emt
00:00:08]} 20. Qe2 {[%clk 00:44:32]} {[%emt 00:00:24]} Nf8 {[%clk 00:29:30]}
{[%emt 00:06:08]} 21. Rac1 {[%clk 00:43:17]} {[%emt 00:01:45]} Ng6 {[%clk
00:29:30]} {[%emt 00:00:30]} 22. Rxc4 {[%clk 00:29:30]} {[%emt 00:14:17]} Rd8
{[%clk 00:29:02]} {[%emt 00:00:58]} 23. Qe4 {[%clk 00:28:10]} {[%emt 00:01:50]}
Rb8 {[%clk 00:26:17]} {[%emt 00:03:14]} 24. Qc6 {[%clk 00:26:16]} {[%emt
00:02:24]} Qd8 {[%clk 00:26:29]} {[%emt 00:00:18]} 25. Qc7 {[%clk 00:25:43]}
{[%emt 00:01:04]} Qf8 {[%clk 00:26:13]} {[%emt 00:00:46]} 26. Nd6 {[%clk
00:16:45]} {[%emt 00:09:28]} Nf4 {[%clk 00:25:52]} {[%emt 00:00:51]} 27. Qxb8
{[%clk 00:16:41]} {[%emt 00:00:34]} Qxb8 {[%clk 00:25:50]} {[%emt 00:00:32]} 28.
Rc8+ {[%clk 00:17:07]} {[%emt 00:00:04]} Qxc8 {[%clk 00:26:14]} {[%emt
00:00:07]} 29. Nxc8 {[%clk 00:17:34]} {[%emt 00:00:02]} Bh4 {[%clk 00:25:18]}
{[%emt 00:01:26]} 30. Kh2 {[%clk 00:15:53]} {[%emt 00:02:10]} Bd8 {[%clk
00:19:15]} {[%emt 00:06:34]} 31. Rd1 {[%clk 00:09:02]} {[%emt 00:07:20]} f6
{[%clk 00:16:54]} {[%emt 00:02:51]} 32. d5 {[%clk 00:05:13]} {[%emt 00:04:20]}
exd5 {[%clk 00:15:45]} {[%emt 00:01:39]} 33. e6 {[%clk 00:02:59]} {[%emt
00:02:44]} Bc7 {[%clk 00:10:50]} {[%emt 00:05:25]} 34. e7 {[%clk 00:01:33]}
{[%emt 00:01:56]} Kf7 {[%clk 00:09:31]} {[%emt 00:01:49]} 35. Kh1 {[%clk
00:01:31]} {[%emt 00:00:32]} Rh8 {[%clk 00:08:45]} {[%emt 00:01:17]} 36. Na7
{[%clk 00:01:13]} {[%emt 00:00:47]} Kxe7 {[%clk 00:07:47]} {[%emt 00:01:28]} 37.
Bxd5 {[%clk 00:01:10]} {[%emt 00:00:33]} Rxh3+ {[%clk 00:06:35]} {[%emt
00:01:42]} 38. Kg1 {[%clk 00:01:37]} {[%emt 00:00:03]} Rd3 {[%clk 00:04:01]}
{[%emt 00:03:03]} 39. Rxd3 {[%clk 00:01:50]} {[%emt 00:00:18]} Nxd3 {[%clk
00:04:29]} {[%emt 00:00:02]} 40. b3 {[%clk 00:00:52]} {[%emt 00:01:28]} Nxf2
{[%clk 00:02:02]} {[%emt 00:02:57]} 41. Kxf2 {[%clk 00:00:59]} {[%emt
00:00:23]} Bb6+ {[%clk 00:02:21]} {[%emt 00:00:11]} 42. Kf3 {[%clk 00:01:27]}
{[%emt 00:00:02]} Bxa7 {[%clk 00:02:38]} {[%emt 00:00:13]} 43. Be4 {[%clk
00:01:29]} {[%emt 00:00:27]} Ke6 {[%clk 00:02:51]} {[%emt 00:00:18]} 44. Kg4
{[%clk 00:01:50]} {[%emt 00:00:08]} Ke5 {[%clk 00:02:12]} {[%emt 00:01:10]} 45.
Bf5 {[%clk 00:02:00]} {[%emt 00:00:20]} Be3 {[%clk 00:02:22]} {[%emt 00:00:20]}
46. Bg6 {[%clk 00:02:16]} {[%emt 00:00:13]} Bd2 {[%clk 00:02:24]} {[%emt
00:00:28]} 47. Bf5 {[%clk 00:02:41]} {[%emt 00:00:05]} Kd4 {[%clk 00:02:32]}
{[%emt 00:00:22]} 48. Kh5 {[%clk 00:02:41]} {[%emt 00:00:30]} g5 {[%clk
00:01:58]} {[%emt 00:01:05]} 49. Kg4 {[%clk 00:03:07]} {[%emt 00:00:04]} Ke5
{[%clk 00:01:54]} {[%emt 00:00:34]} 50. Bd3 {[%clk 00:03:19]} {[%emt 00:00:18]}
Bc3 {[%clk 00:02:14]} {[%emt 00:00:10]} 51. Bf5 {[%clk 00:03:44]} {[%emt
00:00:05]} Bb2 {[%clk 00:02:23]} {[%emt 00:00:21]} 52. Bc2 {[%clk 00:04:00]}
{[%emt 00:00:14]} Kd4 {[%clk 00:02:49]} {[%emt 00:00:04]} 53. Bf5 {[%clk
00:04:05]} {[%emt 00:00:25]} Kc3 {[%clk 00:02:57]} {[%emt 00:00:22]} 54. Be6
{[%clk 00:04:30]} {[%emt 00:00:05]} Kc2 {[%clk 00:03:16]} {[%emt 00:00:11]} 55.
Bf7 {[%clk 00:04:55]} {[%emt 00:00:05]} Be5 {[%clk 00:03:24]} {[%emt 00:00:22]}
56. Be6 {[%clk 00:05:07]} {[%emt 00:00:18]} Kc3 {[%clk 00:03:36]} {[%emt
00:00:18]} 57. Bf7 {[%clk 00:05:30]} {[%emt 00:00:07]} Kd3 {[%clk 00:03:17]}
{[%emt 00:00:49]} 58. Bg6+ {[%clk 00:05:53]} {[%emt 00:00:06]} Ke3 {[%clk
00:03:26]} {[%emt 00:00:21]} 59. Bf5 {[%clk 00:06:08]} {[%emt 00:00:15]} Kd4
{[%clk 00:03:20]} {[%emt 00:00:37]} 60. Bg6 {[%clk 00:06:26]} {[%emt 00:00:12]}
Bf4 {[%clk 00:03:37]} {[%emt 00:00:12]} 61. Bf5 {[%clk 00:06:47]} {[%emt
00:00:09]} Ke5 {[%clk 00:03:39]} {[%emt 00:00:29]} 62. Bh7 {[%clk 00:07:07]}
{[%emt 00:00:07]} Ke6 {[%clk 00:04:07]} {[%emt 00:00:04]} 63. Bg6 {[%clk
00:07:28]} {[%emt 00:00:09]} Ke7 {[%clk 00:04:25]} {[%emt 00:00:12]} 64. Bf5
{[%clk 00:07:51]} {[%emt 00:00:07]} Kf7 {[%clk 00:04:54]} {[%emt 00:00:02]} 65.
Bh7 {[%clk 00:08:13]} {[%emt 00:00:07]} Kg7 {[%clk 00:05:09]} {[%emt 00:00:15]}
66. Bf5 {[%clk 00:08:38]} {[%emt 00:00:05]} Bd2 {[%clk 00:05:20]} {[%emt
00:00:20]} 67. Bd3 {[%clk 00:09:02]} {[%emt 00:00:05]} Kf7 {[%clk 00:05:41]}
{[%emt 00:00:10]} 68. Bf5 {[%clk 00:09:29]} {[%emt 00:00:03]} Bb4 {[%clk
00:05:58]} {[%emt 00:00:13]} 69. Bh7 {[%clk 00:09:55]} {[%emt 00:00:04]} Bd2
{[%clk 00:06:11]} {[%emt 00:00:17]} 70. Bf5 {[%clk 00:10:21]} {[%emt 00:00:03]}
Kg7 {[%clk 00:06:32]} {[%emt 00:00:10]} 71. Bd3 {[%clk 00:10:46]} {[%emt
00:00:05]} Kh6 {[%clk 00:06:54]} {[%emt 00:00:08]} 72. Bf5 {[%clk 00:11:12]}
{[%emt 00:00:04]}  1/2-1/2

[Event "Storsjodraget 2022"]
[Site "Ostersund"]
[Date "2022.06.12"]
[Round "6"]
[Board "4"]
[White "Lind, Jan-Olov"]
[Black "Sian, Shadi"]
[Result "1-0"]
[WhiteElo "2169"]
[BlackElo "1935"]
[PlyCount "0"]
[EventDate "2022.06.10"]
[EventRounds "7"]
[EventCountry "SWE"]

1. e4 {[%clk 01:24:43]} {[%emt 00:06:16]} c5 {[%clk 01:30:54]} {[%emt
00:00:07]} 2. Nf3 {[%clk 01:24:48]} {[%emt 00:00:25]} d6 {[%clk 01:31:16]}
{[%emt 00:00:08]} 3. d3 {[%clk 01:24:18]} {[%emt 00:00:59]} g6 {[%clk
01:29:40]} {[%emt 00:02:06]} 4. g3 {[%clk 01:24:42]} {[%emt 00:00:06]} Bg7
{[%clk 01:29:49]} {[%emt 00:00:21]} 5. Bg2 {[%clk 01:25:07]} {[%emt 00:00:05]}
e5 {[%clk 01:29:42]} {[%emt 00:00:37]} 6. O-O {[%clk 01:25:26]} {[%emt
00:00:11]} Ne7 {[%clk 01:30:06]} {[%emt 00:00:07]} 7. c3 {[%clk 01:25:49]}
{[%emt 00:00:07]} Nbc6 {[%clk 01:30:29]} {[%emt 00:00:08]} 8. a3 {[%clk
01:26:10]} {[%emt 00:00:09]} a5 {[%clk 01:27:38]} {[%emt 00:03:20]} 9. a4
{[%clk 01:26:33]} {[%emt 00:00:08]} d5 {[%clk 01:22:45]} {[%emt 00:05:23]} 10.
Na3 {[%clk 01:11:36]} {[%emt 00:15:27]} O-O {[%clk 01:21:19]} {[%emt 00:01:56]}
11. exd5 {[%clk 01:10:43]} {[%emt 00:01:22]} Nxd5 {[%clk 01:21:39]} {[%emt
00:00:10]} 12. Re1 {[%clk 01:10:29]} {[%emt 00:00:45]} Re8 {[%clk 00:56:23]}
{[%emt 00:25:46]} 13. Nc4 {[%clk 01:10:02]} {[%emt 00:00:56]} f6 {[%clk
00:56:19]} {[%emt 00:00:34]} 14. Nfd2 {[%clk 01:06:10]} {[%emt 00:04:22]} Be6
{[%clk 00:25:52]} {[%emt 00:30:58]} 15. Ne4 {[%clk 01:05:51]} {[%emt 00:00:49]}
b6 {[%clk 00:25:39]} {[%emt 00:00:43]} 16. f4 {[%clk 01:01:56]} {[%emt
00:04:24]} Kh8 {[%clk 00:23:30]} {[%emt 00:02:40]} 17. fxe5 {[%clk 00:54:11]}
{[%emt 00:08:15]} fxe5 {[%clk 00:23:58]} {[%emt 00:00:02]} 18. Ng5 {[%clk
00:49:27]} {[%emt 00:05:13]} Bg8 {[%clk 00:24:03]} {[%emt 00:00:26]} 19. Be4
{[%clk 00:49:04]} {[%emt 00:00:52]} Ra7 {[%clk 00:17:52]} {[%emt 00:06:42]} 20.
Qf3 {[%clk 00:48:40]} {[%emt 00:00:54]} Rf8 {[%clk 00:17:57]} {[%emt 00:00:25]}
21. Qg2 {[%clk 00:48:40]} {[%emt 00:00:28]} Bf6 {[%clk 00:16:34]} {[%emt
00:01:55]} 22. Rf1 {[%clk 00:47:28]} {[%emt 00:01:41]} h6 {[%clk 00:11:57]}
{[%emt 00:05:08]} 23. Qh3 {[%clk 00:45:39]} {[%emt 00:02:17]} Kg7 {[%clk
00:11:12]} {[%emt 00:01:16]} 24. Ne6+ {[%clk 00:40:35]} {[%emt 00:05:34]} Bxe6
{[%clk 00:11:37]} {[%emt 00:00:05]} 25. Qxe6 {[%clk 00:41:00]} {[%emt
00:00:04]} Nce7 {[%clk 00:08:58]} {[%emt 00:03:09]} 26. Nxe5 {[%clk 00:38:01]}
{[%emt 00:03:29]} Qc7 {[%clk 00:04:34]} {[%emt 00:04:55]} 27. Ng4 {[%clk
00:34:29]} {[%emt 00:04:01]} Rd8 {[%clk 00:02:12]} {[%emt 00:02:52]} 28. Bxh6+
{[%clk 00:33:55]} {[%emt 00:01:04]} Kh7 {[%clk 00:02:37]} {[%emt 00:00:05]} 29.
Rxf6 {[%clk 00:32:26]} {[%emt 00:01:59]}  1-0

[Event "Storsjodraget 2022"]
[Site "Ostersund"]
[Date "2022.06.12"]
[Round "7"]
[Board "8"]
[White "Nygren, David"]
[Black "Salholm, Soren"]
[Result "1-0"]
[WhiteElo "2182"]
[BlackElo "1896"]
[PlyCount "0"]
[EventDate "2022.06.10"]
[EventRounds "7"]
[EventCountry "SWE"]

1. e4 {[%clk 01:30:51]} {[%emt 00:00:07]} e5 {[%clk 01:30:42]} {[%emt
00:00:20]} 2. Nf3 {[%clk 01:31:13]} {[%emt 00:00:08]} Nc6 {[%clk 01:30:59]}
{[%emt 00:00:13]} 3. Bb5 {[%clk 01:31:33]} {[%emt 00:00:09]} a6 {[%clk
01:31:17]} {[%emt 00:00:13]} 4. Ba4 {[%clk 01:31:57]} {[%emt 00:00:06]} Nf6
{[%clk 01:31:27]} {[%emt 00:00:20]} 5. d4 {[%clk 01:32:22]} {[%emt 00:00:05]}
b5 {[%clk 01:27:20]} {[%emt 00:04:37]} 6. Bb3 {[%clk 01:32:23]} {[%emt
00:00:29]} exd4 {[%clk 01:09:46]} {[%emt 00:18:03]} 7. e5 {[%clk 01:31:53]}
{[%emt 00:01:01]} Qe7 {[%clk 01:02:41]} {[%emt 00:07:33]} 8. O-O {[%clk
01:31:33]} {[%emt 00:00:52]} Ng4 {[%clk 00:59:45]} {[%emt 00:03:25]} 9. Re1
{[%clk 01:31:17]} {[%emt 00:00:46]} Bb7 {[%clk 00:59:07]} {[%emt 00:01:09]} 10.
h3 {[%clk 01:26:07]} {[%emt 00:05:39]} Nh6 {[%clk 00:54:36]} {[%emt 00:05:01]}
11. Bg5 {[%clk 01:21:53]} {[%emt 00:04:44]} Qc5 {[%clk 00:53:02]} {[%emt
00:02:04]} 12. c3 {[%clk 01:20:13]} {[%emt 00:02:10]} dxc3 {[%emt 00:06:47]} 13.
Nxc3 {[%emt 00:00:52]} Be7 {[%clk 00:40:11]} {[%emt 00:05:42]} 14. Ne4 {[%clk
01:12:06]} {[%emt 00:08:37]} Qb4 {[%clk 00:31:07]} {[%emt 00:09:34]} 15. Bd2
{[%clk 01:11:27]} {[%emt 00:01:10]}  1-0

[Event "Storsjodraget 2022"]
[Site "Ostersund"]
[Date "2022.06.12"]
[Round "6"]
[Board "5"]
[White "Hammarstrom, Ulf"]
[Black "Oksendal, Martin"]
[Result "1-0"]
[WhiteElo "2225"]
[BlackElo "1990"]
[PlyCount "0"]
[EventDate "2022.06.10"]
[EventRounds "7"]
[EventCountry "SWE"]

1. Nf3 {[%clk 01:24:25]} {[%emt 00:06:35]} Nf6 {[%clk 01:30:40]} {[%emt
00:00:19]} 2. c4 {[%clk 01:24:22]} {[%emt 00:00:34]} e6 {[%clk 01:29:56]}
{[%emt 00:01:14]} 3. e3 {[%clk 01:24:12]} {[%emt 00:00:39]} d5 {[%clk
01:30:13]} {[%emt 00:00:14]} 4. b3 {[%clk 01:24:14]} {[%emt 00:00:28]} Be7
{[%clk 01:29:59]} {[%emt 00:00:43]} 5. Bb2 {[%clk 01:24:39]} {[%emt 00:00:06]}
O-O {[%clk 01:29:54]} {[%emt 00:00:27]} 6. Nc3 {[%clk 01:25:01]} {[%emt
00:00:16]} c5 {[%clk 01:27:38]} {[%emt 00:02:47]} 7. cxd5 {[%clk 01:24:50]}
{[%emt 00:00:40]} exd5 {[%clk 01:23:28]} {[%emt 00:04:39]} 8. d4 {[%clk
01:22:50]} {[%emt 00:02:30]} Nc6 {[%clk 01:19:48]} {[%emt 00:04:10]} 9. Be2
{[%clk 01:23:01]} {[%emt 00:00:19]} Bg4 {[%clk 01:17:58]} {[%emt 00:02:21]} 10.
O-O {[%clk 01:22:00]} {[%emt 00:01:30]} Bxf3 {[%clk 01:13:28]} {[%emt
00:05:00]} 11. Bxf3 {[%clk 01:22:25]} {[%emt 00:00:05]} cxd4 {[%clk 01:13:51]}
{[%emt 00:00:07]} 12. exd4 {[%clk 01:22:45]} {[%emt 00:00:10]} Qd7 {[%clk
01:12:06]} {[%emt 00:02:16]} 13. Rc1 {[%clk 01:10:48]} {[%emt 00:12:25]} Rfe8
{[%clk 01:06:07]} {[%emt 00:06:30]} 14. Re1 {[%clk 01:09:59]} {[%emt 00:01:19]}
Bd6 {[%clk 01:01:09]} {[%emt 00:05:29]} 15. Rxe8+ {[%clk 01:09:53]} {[%emt
00:00:36]} Rxe8 {[%clk 01:00:16]} {[%emt 00:01:23]} 16. g3 {[%clk 00:49:05]}
{[%emt 00:21:18]} Qf5 {[%clk 00:54:15]} {[%emt 00:06:31]} 17. Bg2 {[%clk
00:46:48]} {[%emt 00:02:47]} Nb4 {[%clk 00:44:20]} {[%emt 00:10:24]} 18. Qd2
{[%clk 00:37:03]} {[%emt 00:10:16]} h5 {[%clk 00:33:10]} {[%emt 00:11:40]} 19.
Nb5 {[%clk 00:27:26]} {[%emt 00:10:06]} Bf8 {[%clk 00:31:42]} {[%emt 00:01:58]}
20. a3 {[%clk 00:17:06]} {[%emt 00:10:50]} Qd3 {[%clk 00:25:41]} {[%emt
00:06:32]} 21. Bc3 {[%clk 00:11:43]} {[%emt 00:05:52]} Re2 {[%clk 00:19:18]}
{[%emt 00:06:53]} 22. Qd1 {[%clk 00:11:29]} {[%emt 00:00:45]} Qxd1+ {[%clk
00:18:30]} {[%emt 00:01:18]} 23. Rxd1 {[%clk 00:11:54]} {[%emt 00:00:05]} Na2
{[%clk 00:18:04]} {[%emt 00:00:56]} 24. Bd2 {[%clk 00:11:03]} {[%emt 00:01:20]}
Ne4 {[%clk 00:16:21]} {[%emt 00:02:13]} 25. Bxe4 {[%clk 00:10:57]} {[%emt
00:00:37]} Rxe4 {[%clk 00:16:00]} {[%emt 00:00:51]} 26. Ra1 {[%clk 00:10:03]}
{[%emt 00:01:23]} a6 {[%clk 00:16:19]} {[%emt 00:00:11]} 27. Nc7 {[%clk
00:03:36]} {[%emt 00:06:57]} Bd6 {[%clk 00:15:52]} {[%emt 00:00:57]} 28. Na8
{[%clk 00:03:53]} {[%emt 00:00:13]} Rxd4 {[%clk 00:13:28]} {[%emt 00:02:54]} 29.
Rxa2 {[%clk 00:04:10]} {[%emt 00:00:13]} Bxa3 {[%clk 00:11:12]} {[%emt
00:02:46]} 30. Kf1 {[%clk 00:02:30]} {[%emt 00:02:10]} Bb4 {[%clk 00:10:19]}
{[%emt 00:01:22]} 31. Ra4 {[%clk 00:01:38]} {[%emt 00:01:23]} a5 {[%clk
00:08:26]} {[%emt 00:02:23]} 32. Bxb4 {[%clk 00:01:59]} {[%emt 00:00:09]} axb4
{[%clk 00:08:52]} {[%emt 00:00:04]} 33. Nb6 {[%clk 00:02:06]} {[%emt 00:00:23]}
g5 {[%clk 00:08:36]} {[%emt 00:00:46]} 34. Ke2 {[%clk 00:01:36]} {[%emt
00:01:01]} h4 {[%clk 00:08:41]} {[%emt 00:00:25]} 35. Ra5 {[%clk 00:01:10]}
{[%emt 00:00:56]} Re4+ {[%clk 00:08:39]} {[%emt 00:00:31]} 36. Kd3 {[%clk
00:01:22]} {[%emt 00:00:17]} hxg3 {[%clk 00:08:36]} {[%emt 00:00:34]} 37. hxg3
{[%clk 00:01:27]} {[%emt 00:00:25]} Re1 {[%clk 00:08:51]} {[%emt 00:00:15]} 38.
Rxd5 {[%clk 00:01:23]} {[%emt 00:00:35]} f6 {[%clk 00:08:38]} {[%emt 00:00:43]}
39. Rd4 {[%clk 00:01:12]} {[%emt 00:00:40]} Rd1+ {[%clk 00:08:32]} {[%emt
00:00:36]} 40. Kc4 {[%clk 00:01:07]} {[%emt 00:00:36]} Rc1+ {[%clk 00:08:53]}
{[%emt 00:00:08]} 41. Kxb4 {[%clk 00:01:28]} {[%emt 00:00:09]} Rc2 {[%clk
00:09:18]} {[%emt 00:00:04]} 42. f4 {[%clk 00:01:45]} {[%emt 00:00:14]} g4
{[%clk 00:09:42]} {[%emt 00:00:07]} 43. f5 {[%clk 00:02:02]} {[%emt 00:00:13]}
1-0

[Event "Storsjodraget 2022"]
[Site "Ostersund"]
[Date "2022.06.12"]
[Round "7"]
[Board "9"]
[White "Pettersson, Tobias"]
[Black "Kashwan, Hassan"]
[Result "1-0"]
[WhiteElo "2035"]
[BlackElo "1903"]
[PlyCount "0"]
[EventDate "2022.06.10"]
[EventRounds "7"]
[EventCountry "SWE"]

1. d4 {[%clk 01:30:56]} {[%emt 00:00:02]} d5 {[%clk 01:24:17]} {[%emt
00:06:44]} 2. c4 {[%clk 01:30:59]} {[%emt 00:00:27]} e6 {[%clk 01:24:14]}
{[%emt 00:00:33]} 3. Nc3 {[%clk 01:31:17]} {[%emt 00:00:11]} Nf6 {[%clk
01:23:26]} {[%emt 00:01:19]} 4. cxd5 {[%clk 01:30:32]} {[%emt 00:01:15]} exd5
{[%clk 01:23:30]} {[%emt 00:00:27]} 5. Bg5 {[%clk 01:29:28]} {[%emt 00:01:33]}
Be7 {[%clk 01:23:38]} {[%emt 00:00:23]} 6. Qc2 {[%clk 01:29:30]} {[%emt
00:00:27]} O-O {[%clk 01:22:18]} {[%emt 00:01:51]} 7. e3 {[%clk 01:29:38]}
{[%emt 00:00:20]} Re8 {[%clk 01:21:26]} {[%emt 00:01:23]} 8. Bd3 {[%clk
01:29:36]} {[%emt 00:00:31]} h6 {[%clk 01:21:48]} {[%emt 00:00:09]} 9. Bh4
{[%clk 01:26:09]} {[%emt 00:03:58]} Nbd7 {[%clk 01:19:36]} {[%emt 00:02:42]} 10.
Nge2 {[%clk 01:22:13]} {[%emt 00:04:25]} c6 {[%clk 01:18:51]} {[%emt 00:01:16]}
11. O-O {[%clk 01:12:24]} {[%emt 00:10:18]} Nf8 {[%clk 01:17:23]} {[%emt
00:01:59]} 12. a3 {[%clk 01:12:13]} {[%emt 00:00:41]} Bd7 {[%clk 01:14:12]}
{[%emt 00:03:42]} 13. b4 {[%clk 01:12:02]} {[%emt 00:00:39]} Rc8 {[%clk
01:14:21]} {[%emt 00:00:22]} 14. f3 {[%clk 01:10:49]} {[%emt 00:01:42]} N6h7
{[%clk 01:05:42]} {[%emt 00:09:09]} 15. Bf2 {[%clk 01:10:41]} {[%emt 00:00:38]}
Ng5 {[%clk 00:57:43]} {[%emt 00:08:30]} 16. e4 {[%clk 01:08:57]} {[%emt
00:02:13]} Nge6 {[%clk 00:46:20]} {[%emt 00:11:54]} 17. e5 {[%clk 01:05:36]}
{[%emt 00:03:51]} Nc7 {[%clk 00:43:51]} {[%emt 00:02:58]} 18. f4 {[%clk
01:05:03]} {[%emt 00:01:03]} Bg4 {[%clk 00:37:30]} {[%emt 00:06:52]} 19. Ng3
{[%clk 01:04:19]} {[%emt 00:01:13]} Bh4 {[%clk 00:37:36]} {[%emt 00:00:25]} 20.
h3 {[%clk 01:02:43]} {[%emt 00:02:04]} Bxg3 {[%clk 00:34:39]} {[%emt 00:03:28]}
21. Bxg3 {[%clk 01:02:54]} {[%emt 00:00:18]} Bh5 {[%clk 00:34:57]} {[%emt
00:00:14]} 22. f5 {[%clk 01:01:24]} {[%emt 00:02:00]} g5 {[%clk 00:34:42]}
{[%emt 00:00:45]} 23. Qf2 {[%clk 00:59:46]} {[%emt 00:02:06]} b6 {[%clk
00:28:00]} {[%emt 00:07:13]} 24. h4 {[%clk 00:55:49]} {[%emt 00:04:25]} f6
{[%clk 00:25:34]} {[%emt 00:02:57]} 25. hxg5 {[%clk 00:54:18]} {[%emt
00:02:01]} hxg5 {[%clk 00:21:33]} {[%emt 00:04:32]} 26. Rae1 {[%clk 00:48:53]}
{[%emt 00:05:54]} Nh7 {[%clk 00:21:11]} {[%emt 00:00:53]} 27. Qd2 {[%clk
00:48:12]} {[%emt 00:01:10]} Re7 {[%clk 00:15:56]} {[%emt 00:05:46]} 28. Kf2
{[%clk 00:44:02]} {[%emt 00:04:40]} Qf8 {[%clk 00:14:44]} {[%emt 00:01:42]} 29.
Rh1 {[%clk 00:43:16]} {[%emt 00:01:15]} Bg4 {[%clk 00:13:13]} {[%emt 00:02:02]}
30. e6 {[%clk 00:43:11]} {[%emt 00:00:35]} Ne8 {[%clk 00:12:59]} {[%emt
00:00:44]} 31. Qb2 {[%clk 00:42:45]} {[%emt 00:00:56]} Rd8 {[%clk 00:12:12]}
{[%emt 00:01:17]} 32. Rh2 {[%clk 00:42:00]} {[%emt 00:01:14]} Nd6 {[%clk
00:11:11]} {[%emt 00:01:32]} 33. Bxd6 {[%clk 00:41:24]} {[%emt 00:01:06]} Rxd6
{[%clk 00:11:40]} {[%emt 00:00:01]} 34. Reh1 {[%clk 00:41:46]} {[%emt
00:00:08]} c5 {[%clk 00:10:58]} {[%emt 00:01:12]} 35. bxc5 {[%clk 00:42:01]}
{[%emt 00:00:14]} bxc5 {[%clk 00:11:28]} 36. dxc5 {[%clk 00:42:14]} {[%emt
00:00:17]} Rd8 {[%clk 00:11:34]} {[%emt 00:00:24]} 37. Kg3 {[%clk 00:42:29]}
{[%emt 00:00:14]} d4 {[%clk 00:11:28]} {[%emt 00:00:37]} 38. Na2 {[%clk
00:39:42]} {[%emt 00:03:17]} Rc7 {[%clk 00:08:31]} {[%emt 00:03:27]} 39. Kxg4
{[%clk 00:39:50]} {[%emt 00:00:22]} Qxc5 {[%clk 00:08:37]} {[%emt 00:00:24]} 40.
Qb3 {[%clk 00:36:22]} {[%emt 00:03:58]} Kh8 {[%clk 00:08:38]} {[%emt 00:00:28]}
41. g3 {[%clk 00:34:28]} {[%emt 00:02:23]} Qd6 {[%clk 00:06:37]} {[%emt
00:02:32]} 42. Nb4 {[%clk 00:33:56]} {[%emt 00:01:01]} Rb7 {[%clk 00:05:46]}
{[%emt 00:01:22]} 43. Be4 {[%clk 00:32:41]} {[%emt 00:01:43]} Re7 {[%clk
00:05:18]} {[%emt 00:01:00]} 44. Nc6 {[%clk 00:32:49]} {[%emt 00:00:21]}  1-0